ბათუმის შოთა რუსთაველის სახელმწიფო უნივერსიტეტის ბიბლიოთეკა

ქართული და ფრანგული ანდაზები : (ბიბ.ჩანაწერი № 61399)

000 -ლიდერი
ფიქსირებული სიგრძის საკონტროლო ველი 01775nam a22002657a 4500
003 - საკონტროლო ნომრის იდენტიფიკატორი
საკონტროლო ველი Ge_BSU
005 - ბოლო ოპერაციის თარიღი და დრო
საკონტროლო ველი 20240306113248.0
008 - ფიქსირებული სიგრძის მონაცემთა ელემენტები - ზოგადი ინფორმაცია
ფიქსირებული სიგრძის საკონტროლო ველი 240306s2023 ge ||||| |||| 00| 0 geo d
020 ## - წიგნის საერთაშორისო სტანდარტული ნომერი
International Standard Book Number 9789941861765
041 ## - ენის კოდი
Language code of text/sound track or separate title geo
080 ## - უნივერსალური ათობითი კლასიფიკაციის ინდექსი
Universal Decimal Classification number 821.353.1-84+811.133.1'37 მ-43
100 ## - მთავარი ჩანაწერი - პიროვნების სახელი
Personal name მაჭუტაძე, თამარ
9 (RLIN) 11233
245 ## - ცნობა სათაურის შესახებ
Title ქართული და ფრანგული ანდაზები :
Remainder of title თარგმანებითა და შესიტყვევებით /
Statement of responsibility, etc თამარ მაჭუტაძე, თინა შიოშვილი; რედ. მაია ვარსიმასვილი-რაფაელი; გარეკანის მხატვარი გურამ გუჯაბიძე.
264 ## - წარმოების, გამოცემის, დისტრიბუციის და სხვა ცნობები
გამოცემის, წარმოების, დისტრიბუციის... ადგილი ბათუმი:
გამოცემის, წარმოების, დისტრიბუციის... სახელწოდება "ფავორიტი სტილი'',
გამოცემის, წარმოების, დისტრიბუციის... თარიღი 2023.
300 ## - ფიზიკური აღწერა
Extent 196 გვ.
Other physical details 21 სმ.
500 ## - ზოგადი შენიშვნა
General note წიგნი გამოიცა ბათუმის შოთა რუსთაველის სახ. უნ-ტის მიზნობრივი სამეცნიერო გრანტის ფარგლებში
501 ## - შენიშვნა თანმხლებ მასალაზე
With note პარალ საათ. ფრანგულ ენაზე
504 ## - BIBLIOGRAPHY, ETC. NOTE
Bibliography, etc ბიბლიოგრ. გვ. 190-192
653 ## - INDEX TERM--UNCONTROLLED
Uncontrolled term ქართული ანდაზები
653 ## - INDEX TERM--UNCONTROLLED
Uncontrolled term ფრანგული ანდაზები
700 ## - ADDED ENTRY--PERSONAL NAME
Personal name შიოშვილი, თინა
Relator term ავტორი
9 (RLIN) 21340
700 ## - ADDED ENTRY--PERSONAL NAME
Personal name ვარსიმასვილი-რაფაელი, მაია
Relator term რედაქტორი
9 (RLIN) 21341
700 ## - ADDED ENTRY--PERSONAL NAME
Personal name გუჯაბიძე, გურამ
Relator term გარეკანის მხატვარი
9 (RLIN) 2059
942 ## - ADDED ENTRY ELEMENTS (KOHA)
Source of classification or shelving scheme
Koha item type წიგნი
ეგზემპლარები
ჩამოწერის სტატუსი დაკარგული ეგზემპლარის სტატუსი კლასიფიკაციის წყარო ან თაროზე გაწყობის სქემა დაზიანების სტატუსი არ გაიცემა მუდმივი მდებარეობა (დაცვის ადგილი) ამჟამინდელი ადგილსამყოფელი თაროზე განთავსების ადგილი შეძენის თარიღი ღირებულება, შესყიდვის ნორმალური ფასი სრული შენახვის შიფრი შტრიხკოდი ბოლო ოპერაციის თარიღი ეგზემპლარის მიმდევრობითი ნომერი (კეტერი?) Uniform Resource Identifier ფასის ძალაში შესვლის თარიღი ეგზემპლარის სახეობა საჯარო შენიშვნა
          ბათუმის შოთა რუსთაველის სახელმწიფო უნივერსიტეტის მთავარი ბიბლიოთეკა ბათუმის შოთა რუსთაველის სახელმწიფო უნივერსიტეტის მთავარი ბიბლიოთეკა წიგნსაცავი 2024-03-06 6.00 821.353.1-84+811.133.1'37 მ-43 67646 2024-03-06 67646 ნაჩუქარი 2024-03-06 წიგნი 6 ლ.
          ბათუმის შოთა რუსთაველის სახელმწიფო უნივერსიტეტის მთავარი ბიბლიოთეკა ბათუმის შოთა რუსთაველის სახელმწიფო უნივერსიტეტის მთავარი ბიბლიოთეკა წიგნსაცავი 2024-03-06 6.00 821.353.1-84+811.133.1'37 მ-43 67647 2024-03-06 67647 ნაჩუქარი 2024-03-06 წიგნი 6 ლ.
          ბათუმის შოთა რუსთაველის სახელმწიფო უნივერსიტეტის მთავარი ბიბლიოთეკა ბათუმის შოთა რუსთაველის სახელმწიფო უნივერსიტეტის მთავარი ბიბლიოთეკა წიგნსაცავი 2024-03-06 6.00 821.353.1-84+811.133.1'37 მ-43 67648 2024-03-06 67648 ნაჩუქარი 2024-03-06 წიგნი 6 ლ.
          ბათუმის შოთა რუსთაველის სახელმწიფო უნივერსიტეტის მთავარი ბიბლიოთეკა ბათუმის შოთა რუსთაველის სახელმწიფო უნივერსიტეტის მთავარი ბიბლიოთეკა წიგნსაცავი 2024-03-06 6.00 821.353.1-84+811.133.1'37 მ-43 67649 2024-03-06 67649 ნაჩუქარი 2024-03-06 წიგნი 6 ლ.
          ბათუმის შოთა რუსთაველის სახელმწიფო უნივერსიტეტის მთავარი ბიბლიოთეკა ბათუმის შოთა რუსთაველის სახელმწიფო უნივერსიტეტის მთავარი ბიბლიოთეკა წიგნსაცავი 2024-03-06 6.00 821.353.1-84+811.133.1'37 მ-43 67650 2024-03-06 67650 ნაჩუქარი 2024-03-06 წიგნი 6 ლ.
          ბათუმის შოთა რუსთაველის სახელმწიფო უნივერსიტეტის მთავარი ბიბლიოთეკა ბათუმის შოთა რუსთაველის სახელმწიფო უნივერსიტეტის მთავარი ბიბლიოთეკა წიგნსაცავი 2024-03-06 6.00 821.353.1-84+811.133.1'37 მ-43 67651 2024-03-06 67651 ნაჩუქარი 2024-03-06 წიგნი 6 ლ.
          ბათუმის შოთა რუსთაველის სახელმწიფო უნივერსიტეტის მთავარი ბიბლიოთეკა ბათუმის შოთა რუსთაველის სახელმწიფო უნივერსიტეტის მთავარი ბიბლიოთეკა წიგნსაცავი 2024-03-06 6.00 821.353.1-84+811.133.1'37 მ-43 67652 2024-03-06 67652 ნაჩუქარი 2024-03-06 წიგნი 6 ლ.